书目信息 |
| 题名: |
拉丁美洲独立战争
|
|
| 作者: | 金重远 著 | |
| 分册: | ||
| 出版信息: | 北京 商务印书馆 1974 |
|
| 页数: | 42页 | |
| 开本: | 20cm | |
| 丛书名: | ||
| 单 册: | ||
| 中图分类: | K730.1 | |
| 科图分类: | ||
| 主题词: | 拉丁美洲--历史 | |
| 电子资源: | ||
| ISBN: | ||
| 000 | 00561nam0 2200205 450 | |
| 001 | 0641172843 | |
| 005 | 20060911110831.39 | |
| 010 | @dCNY0.11 | |
| 100 | @a20060725d1974 km y0chiy0120 ea | |
| 101 | 0 | @achi |
| 102 | @aCN@b110000 | |
| 102 | @aCN@b110000 | |
| 200 | 1 | @a拉丁美洲独立战争@Ala ding mei zhou du li zhan zheng@f金重远著@Fjin zhong yuan zhu |
| 210 | @a北京@c商务印书馆@d1974 | |
| 215 | @a42页@d20cm | |
| 606 | 0 | @a拉丁美洲@x历史 |
| 690 | @aK730.1@v3 | |
| 701 | 0 | @a金重远@Ajin zhong yuan@4著 |
| 801 | 0 | @aCN@bPFT@c20060911 |
| 905 | @a10447@dK730.1@e5 | |
| 拉丁美洲独立战争/金重远著.-北京:商务印书馆,1974 |
| 42页;20cm |
| ISBN :CNY0.11 |
| ● |
| 相关链接 |
|
|
|
|
正题名:拉丁美洲独立战争
索取号:K730.1/5
 
预约/预借
| 序号 | 登录号 | 条形码 | 馆藏地/架位号 | 状态 | 备注 |
| 1 | 0436145 | 204361458 | 密集书库/ [索取号:K730.1/5] | 在馆 | |
| 2 | 0462769 | 204627699 | 密集书库/ [索取号:K730.1/5] | 在馆 | |
| 3 | 0462770 | 204627706 | 密集书库/ [索取号:K730.1/5] | 在馆 | |
| 4 | 0471929 | 204719297 | 密集书库/ [索取号:K730.1/5] | 在馆 |